Liberating cyberspace : civil liberties, human rights, and the Internet /

Saved in:
நூற்பட்டியல் விவரங்கள்
குழும எழுத்தாளர்: Liberty (Great Britain)
வடிவம்: புத்தகம்
மொழி:English
வெளியீடப்பட்டது: London ; Sterling, Va. : Pluto Press in association with Liberty, 1999.
பகுதிகள்:
குறியீடுகள்: குறிச்சொல் இணை
குறியீடுகள் இல்லை, இந்த குறிச்சொல்லை முதலில் பதிவு செய்யுங்கள்!
LEADER 01935cam a2200277 a 4500
001 007746355-2
005 20020606104010.5
008 971023s1999 enk b 001 0 eng
010 |a  97044923  
020 |a 0745312993 (hardcover) 
035 0 |a ocm37870725 
040 |a DLC  |c DLC  |d C#P  |d ZYF  |d HLS 
050 0 0 |a K564.C6  |b L53 1999 
082 0 0 |a 342/.0858  |2 21 
245 0 0 |a Liberating cyberspace :  |b civil liberties, human rights, and the Internet /  |c edited by Liberty. 
260 |a London ;  |a Sterling, Va. :  |b Pluto Press in association with Liberty,  |c 1999. 
300 |a x, 290 p. ;  |c 23 cm. 
504 |a Includes bibliographical references and index. 
505 0 |a Freedom of expression: censorship in private hands / Adam Newey -- Freedom of information: an electronic window onto government / Andrew Ecclestone -- Privacy I: liberty on the line / Simon Davies, Ian Hosein -- Privacy II: cryptology and democracy - dilemmas of freedom / Casper Bowden, Yaman Akdeniz -- Copyright I: copyright, civil rights and the internet / Nick Braithwaite, Bindman and Partners -- Copyright II: copyright and the internet / Charles Oppenheim -- European policy on regulation of content on the internet / Penny Campbell, Emmanuelle Machet -- Political participation and the internet / Cathy Bryan, James Tatam -- Net out of control - a new moral panic: censorship and sexuality / Angus Hamilton -- AVIVA: the women's world wide web / Kate Burke -- Women and the internet / Clem Herman -- Tinysex and gender trouble / Sherry Turkle -- Governance of cyberspace: racism on the internet / David Capitanchik, Michael Whine -- McSpotlight: freedom of speech and the internet / Phil George -- Human rights and the internet / Conor Foley. 
650 0 |a Computers  |x Law and legislation. 
650 0 |a Privacy, Right of. 
650 0 |a Freedom of information. 
650 0 |a Internet. 
710 2 |a Liberty (Great Britain) 
988 |a 20020608 
906 |0 DLC